TEXTBOOK OF ORAL PATHOLOGY (Record no. 21865)

MARC details
000 -LEADER
fixed length control field 00371nam a22001577a 4500
003 - CONTROL NUMBER IDENTIFIER
control field SGT
020 ## - INTERNATIONAL STANDARD BOOK NUMBER
International Standard Book Number 978-8181915023
082 ## - DEWEY DECIMAL CLASSIFICATION NUMBER
Classification number 617.0707
Item number O19N
100 ## - MAIN ENTRY--PERSONAL NAME
Personal name Nayak, Sushruth
245 ## - TITLE STATEMENT
Title TEXTBOOK OF ORAL PATHOLOGY
250 ## - EDITION STATEMENT
Edition statement 1st
260 ## - PUBLICATION, DISTRIBUTION, ETC. (IMPRINT)
Place of publication, distribution, etc Delhi India
Name of publisher, distributor, etc Paras Medical Publishers
Year of Publication 2019
300 ## - PAGE DESCRIPTION
No. of Pages 1-262
650 ## - SUBJECT ADDED ENTRY--TOPICAL TERM
Topical term or geographic name as entry element ORAL PATHOLOGY
942 ## - ADDED ENTRY ELEMENTS (KOHA)
Source of classification or shelving scheme Dewey Decimal Classification
Koha item type Books
Holdings
Withdrawn status Lost status Source of classification or shelving scheme Damaged status Not for loan Home library Current library Shelving location Date acquired Vendor Name SGTU Total Checkouts Full call number Accession No. (Barcode) Date last seen Bill Date Koha item type
    Dewey Decimal Classification     SGT Dental Library SGT Dental Library Text Book 14/09/2021 ABC SGTU   617.0707 O19N FD8473 14/09/2021 14/09/2021 Books